[Event "4th Novi Sad it"]
[Site "Novi Sad"]
[Date "1975.10.19"]
[EventDate "1975.10.05"]
[Round "13.4"]
[White "Balashov, Yury"]
[Black "Deze, Anton"]
[Result "1/2-1/2"]
[WhiteElo "2540"]
[BlackElo "2380"]
[PlyCount "38"]
[Source "Perpetual Check"]

1. e4 c5 2. Nf3 d6 3. d4 cxd4 4. Nxd4 Nf6 5. Nc3 Nc6 6. Bc4 Qb6 7. Nb3 e6 8.
O-O Be7 9. Be3 Qc7 10. Bd3 a6 11. f4 b5 12. Qf3 Bb7 13. a4 b4 14. Ne2 Na5 15.
Nxa5 Qxa5 16. Nd4 O-O 17. g4 g6 18. Nb3 Qc7 19. Bd4 Nd7 1/2-1/2

[Event "4th Novi Sad it"]
[Site "Novi Sad"]
[Date "1975.10.19"]
[EventDate "1975.10.05"]
[Round "13.5"]
[White "Miles, Anthony John"]
[Black "Tarjan, James Edward"]
[Result "0-1"]
[WhiteElo "2435"]
[BlackElo "2480"]
[PlyCount "94"]
[Source "Perpetual Check"]

1. Nf3 Nf6 2. g3 g6 3. b3 Bg7 4. Bb2 O-O 5. Bg2 c5 6. c4 d6 7. Nc3 Bf5 8. Nh4
Bc8 9. O-O Nc6 10. d3 Rb8 11. Qd2 Bd7 12. Rac1 a6 13. Nf3 Qa5 14. Rfd1 Rfc8 15.
Ba1 b5 16. h3 h6 17. Kh2 Kh7 18. e3 Kg8 19. Ng1 Ne5 20. f4 Nc6 21. Rf1 e6 22.
Rf2 Qd8 23. Nge2 Qe7 24. e4 h5 25. Rcf1 Nh7 26. Bf3 Nd4 27. Nxd4 Bxd4 28. Re2
b4 29. Na4 Bxa1 30. Rxa1 Bxa4 31. bxa4 b3 32. h4 Qf6 33. Rb1 bxa2 34. Qxa2 Qc3
35. Reb2 Rxb2+ 36. Qxb2 Qxd3 37. Qb3 Qd2+ 38. Bg2 Nf6 39. Rb2 Ng4+ 40. Kh3 Qd4
41. Bf3 Ne3 42. Re2 Nxc4 43. Qb7 Rf8 44. Qxa6 Nd2 45. Bg2 c4 46. Rxd2 Qxd2 47.
Qxc4 Rb8 0-1

[Event "4th Novi Sad it"]
[Site "Novi Sad"]
[Date "1975.10.19"]
[EventDate "1975.10.05"]
[Round "13.6"]
[White "Garcia Gonzales, Guillermo"]
[Black "Baretic, Dragoljub"]
[Result "1-0"]
[WhiteElo "2485"]
[BlackElo "2305"]
[PlyCount "53"]
[Source "Perpetual Check"]

1. d4 d5 2. Nf3 Nf6 3. g3 c6 4. Bg2 Bg4 5. c4 e6 6. Qb3 Bxf3 7. Bxf3 Qc8 8. Nc3
Nbd7 9. cxd5 exd5 10. Bf4 Be7 11. O-O O-O 12. Rfc1 Nb6 13. a4 Qd7 14. a5 Nc8
15. e4 dxe4 16. Nxe4 Nxe4 17. Bxe4 Nd6 18. Bg2 Rac8 19. a6 b6 20. Qa4 b5 21.
Qc2 Nc4 22. b3 Na3 23. Qe4 b4 24. Rxc6 Rxc6 25. Qxc6 Qxd4 26. Re1 Bc5 27. Be3
1-0

[Event "4th Novi Sad it"]
[Site "Novi Sad"]
[Date "1975.10.21"]
[EventDate "1975.10.05"]
[Round "14.1"]
[White "Vukic, Milan"]
[Black "Ivkov, Borislav"]
[Result "1/2-1/2"]
[WhiteElo "2450"]
[BlackElo "2550"]
[PlyCount "33"]
[Source "Perpetual Check"]

1. Nf3 g6 2. c4 Bg7 3. d4 Nf6 4. g3 O-O 5. Bg2 d5 6. cxd5 Nxd5 7. O-O Nb6 8.
Nc3 Nc6 9. e3 e5 10. d5 Na5 11. e4 c6 12. Bg5 f6 13. Be3 cxd5 14. Bxb6 Qxb6 15.
Nxd5 Qd8 16. Rc1 Rb8 17. b4 1/2-1/2

[Event "4th Novi Sad it"]
[Site "Novi Sad"]
[Date "1975.10.20"]
[EventDate "1975.10.05"]
[Round "14.2"]
[White "Matulovic, Milan"]
[Black "Buljovcic, Ivan"]
[Result "0-1"]
[WhiteElo "2530"]
[BlackElo "2435"]
[PlyCount "84"]
[Source "Perpetual Check"]

1. e4 c5 2. Nf3 d6 3. d4 cxd4 4. Nxd4 Nf6 5. Nc3 a6 6. Bg5 e6 7. f4 Nbd7 8. Bc4
Qb6 9. Bb3 Be7 10. f5 Nc5 11. fxe6 fxe6 12. Be3 Qc7 13. O-O O-O 14. a3 Nxb3 15.
cxb3 Bd7 16. b4 Kh8 17. h3 d5 18. exd5 Nxd5 19. Nxd5 exd5 20. Qh5 Qd6 21. Ne2
Bb5 22. Bd4 Bxe2 23. Qxe2 Rxf1+ 24. Rxf1 Bf6 25. Bxf6 gxf6 26. Qf3 Rf8 27. Qf4
Qb6+ 28. Kh1 d4 29. Re1 Rg8 30. Re7 Qc6 31. Qe4 Qxe4 32. Rxe4 Rd8 33. Kg1 d3
34. Re1 d2 35. Rd1 Kg7 36. Kf2 Kg6 37. Ke3 Kg5 38. g3 f5 39. b5 axb5 40. Rxd2
Rxd2 41. Kxd2 f4 42. gxf4+ Kxf4 0-1

[Event "4th Novi Sad it"]
[Site "Novi Sad"]
[Date "1975.10.20"]
[EventDate "1975.10.05"]
[Round "14.4"]
[White "Tarjan, James Edward"]
[Black "Garcia Gonzales, Guillermo"]
[Result "0-1"]
[WhiteElo "2480"]
[BlackElo "2485"]
[PlyCount "84"]
[Source "Perpetual Check"]

1. d4 d5 2. c4 dxc4 3. Nf3 Nf6 4. e3 g6 5. Bxc4 Bg7 6. Nc3 O-O 7. O-O c5 8. d5
Ne8 9. e4 Nd6 10. Bd3 Bg4 11. h3 Bxf3 12. Qxf3 c4 13. Bc2 b5 14. Be3 Nd7 15.
Rac1 b4 16. Na4 Qa5 17. Qe2 Rac8 18. b3 Nb6 19. Nxb6 axb6 20. Bb1 c3 21. Rfd1
f5 22. e5 Bxe5 23. Bh6 Bg7 24. Bxg7 Kxg7 25. Qxe7+ Nf7 26. d6 Qc5 27. Qb7 Rc6
28. d7 Rd8 29. a3 Rd6 30. Rxd6 Qxd6 31. Qf3 Qd2 32. Qd1 Rxd7 33. Qxd2 cxd2 34.
Rd1 bxa3 35. Kf1 Ne5 36. Ke2 Nc6 37. Rxd2 Rxd2+ 38. Kxd2 Nb4 39. Kc3 a2 40.
Bxa2 Nxa2+ 41. Kc4 Kf6 42. Kd5 b5 0-1

[Event "4th Novi Sad it"]
[Site "Novi Sad"]
[Date "1975.10.20"]
[EventDate "1975.10.05"]
[Round "14.5"]
[White "Deze, Anton"]
[Black "Miles, Anthony John"]
[Result "0-1"]
[WhiteElo "2380"]
[BlackElo "2435"]
[PlyCount "70"]
[Source "Perpetual Check"]

1. c4 b6 2. Nc3 Bb7 3. e4 e6 4. Nf3 Nf6 5. d3 d6 6. g3 Be7 7. Bg2 O-O 8. O-O c5
9. Re1 a6 10. d4 cxd4 11. Nxd4 Qc7 12. Nc2 Nfd7 13. Ne3 Nc6 14. b3 Rac8 15. Bb2
Qb8 16. Rc1 Ba8 17. Qe2 Bf6 18. Red1 Rfd8 19. Qd2 Nc5 20. Ng4 Be7 21. Ne2 Ne5
22. Nxe5 dxe5 23. Qe3 Nd7 24. Rc2 Bc5 25. Qg5 h6 26. Qh4 Nf6 27. Rcd2 Rxd2 28.
Rxd2 Kh7 29. Nc3 Rd8 30. Re2 Rd3 31. Bf1 Qd6 32. Qh3 Rd2 33. Bc1 Rxe2 34. Bxe2
Qd4 35. Nd1 Qxe4 0-1

[Event "4th Novi Sad it"]
[Site "Novi Sad"]
[Date "1975.10.20"]
[EventDate "1975.10.05"]
[Round "14.6"]
[White "Romanishin, Oleg"]
[Black "Balashov, Yury"]
[Result "1/2-1/2"]
[WhiteElo "2485"]
[BlackElo "2540"]
[PlyCount "32"]
[Source "Perpetual Check"]

1. d4 d5 2. c4 e6 3. Nc3 Nf6 4. Bg5 Be7 5. e3 O-O 6. Nf3 Nbd7 7. Rc1 c6 8. Bd3
dxc4 9. Bxc4 Nd5 10. Bxe7 Qxe7 11. Ne4 N5f6 12. Nxf6+ Qxf6 13. O-O e5 14. Qd3
exd4 15. Qxd4 Qxd4 16. Nxd4 Nb6 1/2-1/2

[Event "4th Novi Sad it"]
[Site "Novi Sad"]
[Date "1975.10.20"]
[EventDate "1975.10.05"]
[Round "14.7"]
[White "Fichtl, Jiri"]
[Black "Notaros, Krasoje"]
[Result "1/2-1/2"]
[WhiteElo "2390"]
[BlackElo "2305"]
[PlyCount "75"]
[Source "Perpetual Check"]

1. e4 g6 2. d4 Bg7 3. Nc3 Nc6 4. Be3 d5 5. exd5 Nb4 6. Bb5+ Bd7 7. Bc4 Bf5 8.
Bb3 Nf6 9. Qe2 O-O 10. Bf4 Nbxd5 11. Nxd5 Nxd5 12. Be5 f6 13. Bxc7 Qxc7 14.
Bxd5+ Kh8 15. Bb3 e5 16. d5 e4 17. Qe3 Bd7 18. Ne2 f5 19. Nd4 Qe5 20. c3 f4 21.
Qe2 b5 22. f3 b4 23. O-O e3 24. Rfd1 a5 25. cxb4 axb4 26. Rac1 Rfc8 27. Rxc8+
Bxc8 28. Bc4 Bb7 29. Ne6 Qd6 30. Nxg7 Kxg7 31. Qd3 Re8 32. Qd4+ Kh6 33. Kf1 g5
34. Ke2 Ba6 35. g3 Rc8 36. Bd3 Rc2+ 37. Ke1 Rxh2 38. g4 1/2-1/2

[Event "4th Novi Sad it"]
[Site "Novi Sad"]
[Date "1975.10.20"]
[EventDate "1975.10.05"]
[Round "14.8"]
[White "Ilijic, Milan"]
[Black "Bojkovic, Slobodan"]
[Result "1-0"]
[WhiteElo "2345"]
[BlackElo "2450"]
[PlyCount "86"]
[Source "Perpetual Check"]

1. c4 c6 2. g3 d5 3. Bg2 g6 4. cxd5 cxd5 5. Qb3 e6 6. Nf3 Bg7 7. O-O Nc6 8. Nc3
Nge7 9. d3 O-O 10. Bg5 h6 11. Bd2 e5 12. Rfc1 Rb8 13. a4 Be6 14. Qa3 b6 15. b4
Qd7 16. Rab1 f5 17. b5 Na5 18. Na2 e4 19. Ne1 g5 20. Bb4 Bf6 21. Rd1 Qb7 22.
Bh3 Rfd8 23. Rd2 Kf7 24. Rbd1 d4 25. Bxa5 bxa5 26. dxe4 fxe4 27. Bxe6+ Kxe6 28.
Nc2 Qd5 29. Nc3 dxc3 30. Rxd5 Nxd5 31. Qb3 Rbc8 32. f3 Ke5 33. Nd4 exf3 34.
Nxf3+ Ke6 35. e4 Rc5 36. exd5+ Rdxd5 37. Rxd5 Rxd5 38. Qc4 h5 39. Kf2 g4 40.
Ne1 Bd4+ 41. Ke2 Ke5 42. Nd3+ Ke4 43. Qc6 Be5 1-0

[Event "4th Novi Sad it"]
[Site "Novi Sad"]
[Date "1975.10.22"]
[EventDate "1975.10.05"]
[Round "15.1"]
[White "Bojkovic, Slobodan"]
[Black "Vukic, Milan"]
[Result "1-0"]
[WhiteElo "2450"]
[BlackElo "2450"]
[PlyCount "49"]
[Source "Perpetual Check"]

1. e4 Nf6 2. e5 Nd5 3. d4 d6 4. Nf3 Bg4 5. Be2 e6 6. O-O Be7 7. c4 Nb6 8. Nc3
O-O 9. Be3 d5 10. c5 Bxf3 11. gxf3 Nc8 12. f4 g6 13. Kh1 Kh8 14. b4 Rg8 15. Rg1
Bf8 16. f5 exf5 17. Nxd5 Qxd5+ 18. Bf3 Ne7 19. Bxd5 Nxd5 20. Qb3 Nxe3 21. fxe3
Rg7 22. b5 Be7 23. Rac1 f6 24. Qd5 c6 25. Qe6 1-0

[Event "4th Novi Sad it"]
[Site "Novi Sad"]
[Date "1975.10.22"]
[EventDate "1975.10.05"]
[Round "15.2"]
[White "Notaros, Krasoje"]
[Black "Ilijic, Milan"]
[Result "1/2-1/2"]
[WhiteElo "2305"]
[BlackElo "2345"]
[PlyCount "86"]
[Source "Perpetual Check"]

1. f4 g6 2. Nf3 Bg7 3. e4 c5 4. Nc3 Nc6 5. g3 d6 6. Bg2 e6 7. O-O Nge7 8. d3
O-O 9. g4 f5 10. h3 Nd4 11. Ne2 Nxf3+ 12. Bxf3 e5 13. c3 Kh8 14. Be3 Nc6 15.
exf5 gxf5 16. g5 Qe7 17. Ng3 exf4 18. Bxf4 Be5 19. Qd2 Bd7 20. Rae1 Rae8 21.
Re2 Rg8 22. h4 Qg7 23. Rg2 Re7 24. Bd5 Rf8 25. h5 Bxf4 26. Qxf4 Qe5 27. Be4
Qxf4 28. Rxf4 Rg7 29. g6 Ne7 30. Bxb7 hxg6 31. hxg6 Nxg6 32. Rh2+ Rh7 33. Rff2
Ne5 34. d4 cxd4 35. cxd4 Ng4 36. Rxh7+ Kxh7 37. Re2 Kg6 38. Bf3 Kg5 39. Re7 Nf6
40. Kf2 Rb8 41. b3 a5 42. Rg7+ Kh6 43. Rf7 Kg5 1/2-1/2

[Event "4th Novi Sad it"]
[Site "Novi Sad"]
[Date "1975.10.22"]
[EventDate "1975.10.05"]
[Round "15.3"]
[White "Balashov, Yury"]
[Black "Fichtl, Jiri"]
[Result "1-0"]
[WhiteElo "2540"]
[BlackElo "2390"]
[PlyCount "75"]
[Source "Perpetual Check"]

1. c4 e6 2. d4 d5 3. Nf3 c6 4. e3 Nf6 5. Bd3 Nbd7 6. Nbd2 Be7 7. O-O dxc4 8.
Nxc4 c5 9. e4 b6 10. Re1 Bb7 11. d5 exd5 12. exd5 Bxd5 13. Nd6+ Kf8 14. Nf5 Be6
15. Nxe7 Qxe7 16. Bc4 Kg8 17. Bf4 Nf8 18. Ne5 h6 19. Qa4 Bxc4 20. Nxc4 Qb7 21.
Rad1 Ng6 22. Bg3 a6 23. Nd6 Qa7 24. Ne4 b5 25. Nxf6+ gxf6 26. Qg4 Kg7 27. h4 h5
28. Qf5 Rae8 29. Rxe8 Rxe8 30. Rd7 Ne7 31. Qd3 Qa8 32. Rd6 Qc8 33. Qc3 Qf5 34.
Qe3 Qc8 35. Rxf6 Ng6 36. Qf3 Qd7 37. Rxa6 Ne5 38. Qf6+ 1-0

[Event "4th Novi Sad it"]
[Site "Novi Sad"]
[Date "1975.10.22"]
[EventDate "1975.10.05"]
[Round "15.4"]
[White "Miles, Anthony John"]
[Black "Romanishin, Oleg"]
[Result "1/2-1/2"]
[WhiteElo "2435"]
[BlackElo "2485"]
[PlyCount "32"]
[Source "Perpetual Check"]

1. c4 Nf6 2. Nf3 c6 3. d4 d5 4. cxd5 cxd5 5. Nc3 Nc6 6. Bf4 g6 7. e3 Bg7 8. Be2
O-O 9. h3 Bf5 10. O-O Ne4 11. Rc1 Rc8 12. Qa4 Nxc3 13. Rxc3 Qa5 14. Qxa5 Nxa5
15. Rfc1 Rxc3 16. Rxc3 Rc8 1/2-1/2

[Event "4th Novi Sad it"]
[Site "Novi Sad"]
[Date "1975.10.22"]
[EventDate "1975.10.05"]
[Round "15.5"]
[White "Garcia Gonzales, Guillermo"]
[Black "Deze, Anton"]
[Result "1/2-1/2"]
[WhiteElo "2485"]
[BlackElo "2380"]
[PlyCount "21"]
[Source "Perpetual Check"]

1. d4 d5 2. c4 e6 3. Nf3 Nf6 4. Nc3 c5 5. cxd5 Nxd5 6. e4 Nxc3 7. bxc3 cxd4 8.
cxd4 Bb4+ 9. Bd2 Bxd2+ 10. Qxd2 O-O 11. Be2 1/2-1/2

[Event "4th Novi Sad it"]
[Site "Novi Sad"]
[Date "1975.10.22"]
[EventDate "1975.10.05"]
[Round "15.7"]
[White "Buljovcic, Ivan"]
[Black "Baretic, Dragoljub"]
[Result "0-1"]
[WhiteElo "2435"]
[BlackElo "2305"]
[PlyCount "64"]
[Source "Perpetual Check"]

1. Nf3 Nf6 2. d3 d6 3. e4 e5 4. Nc3 c6 5. Be2 Be7 6. O-O O-O 7. Bg5 Nbd7 8. d4
Re8 9. dxe5 dxe5 10. a4 a5 11. Re1 Qb6 12. Rb1 Bc5 13. Bh4 h6 14. Bf1 Nf8 15.
Qe2 Nh5 16. Bg3 Nxg3 17. hxg3 Bg4 18. Nd1 Ne6 19. c3 Rad8 20. Qc4 Bxf3 21. gxf3
Rd2 22. Re2 Red8 23. Ne3 Bxe3 24. fxe3 Rxe2 25. Qxe2 Nc5 26. b3 Nxa4 27. Qe1
Nc5 28. b4 axb4 29. cxb4 Nd3 30. Qd2 Nf4 31. Qxd8+ Qxd8 32. gxf4 Qd2 0-1

[Event "4th Novi Sad it"]
[Site "Novi Sad"]
[Date "1975.10.16"]
[EventDate "1975.10.05"]
[Round "15.8"]
[White "Ivkov, Borislav"]
[Black "Matulovic, Milan"]
[Result "1/2-1/2"]
[WhiteElo "2550"]
[BlackElo "2530"]
[PlyCount "42"]
[Source "Perpetual Check"]

1. e4 c6 2. d4 d5 3. Nc3 dxe4 4. Nxe4 Bf5 5. Ng3 Bg6 6. Nf3 Nd7 7. h4 h6 8. Bd3
Bxd3 9. Qxd3 Ngf6 10. Bf4 Qa5+ 11. Bd2 Qc7 12. O-O-O e6 13. c4 Bd6 14. Ne4 Bf4
15. Nxf6+ Nxf6 16. Bxf4 Qxf4+ 17. Kc2 Qe4 18. Rhe1 Qxd3+ 19. Rxd3 Rd8 20. Ne5
Nd7 21. Nxd7 Rxd7 1/2-1/2